| 000 | 00528nab a2200145Ia 4500 | ||
|---|---|---|---|
| 003 | ES-SlBCS | ||
| 005 | 20210601133744.0 | ||
| 008 | 140529s1995 xxu||||| |||| 00| 0 por d | ||
| 041 | _apor | ||
| 100 | 1 |
_aPereira da Silva, Marcelo Soares _9209293 |
|
| 245 | 0 | 0 |
_aElementos para a construçao teórica da historicidade das práticas educativas escolares _c Marcelo Soares Pereira Da Silva |
| 650 | 0 | 4 |
_aPrácticas Educativas _9209294 |
| 773 | 0 |
_tEducaçao e Filosofia _gvol. 9, nº. 17, 1995, págs. 173-183 _wRev1534 |
|
| 942 | _cAR | ||
| 999 |
_c601609 _d601609 |
||